000 00466nam a2200181Ia 4500
008 230711s9999||||xx |||||||||||||| ||und||
020 _a81-239-0514-9
041 _aENG
082 _a615.19
_bBE-P
100 _aBeckett, A. H
245 0 _aPractical pharmaceutical Chemistry Part II
250 _a4th Ed.
260 _c1997
_aNew Delhi
_bCBS Publishers & Distributors Pvt.Ltd
300 _a602p.
650 _aPharmacy
700 _aStenlake, J. B
942 _cBK
999 _c7044
_d7044